50 idées reçues sur l'état du monde (notice n° 1554336)
[ vue normale ]
| 000 -LEADER | |
|---|---|
| fixed length control field | 01435cam a2200277zu 4500 |
| 003 - CONTROL NUMBER IDENTIFIER | |
| control field | FRCYB88926763 |
| 005 - DATE AND TIME OF LATEST TRANSACTION | |
| control field | 20251020123451.0 |
| 008 - FIXED-LENGTH DATA ELEMENTS--GENERAL INFORMATION | |
| fixed length control field | 251020s2022 fr | o|||||0|0|||fre d |
| 020 ## - INTERNATIONAL STANDARD BOOK NUMBER | |
| International Standard Book Number | 9782200632915 |
| 035 ## - SYSTEM CONTROL NUMBER | |
| System control number | FRCYB88926763 |
| 040 ## - CATALOGING SOURCE | |
| Original cataloging agency | FR-PaCSA |
| Language of cataloging | fr |
| Transcribing agency | |
| Description conventions | rda |
| 100 1# - MAIN ENTRY--PERSONAL NAME | |
| Personal name | Boniface, Pascal |
| 245 01 - TITLE STATEMENT | |
| Title | 50 idées reçues sur l'état du monde |
| Statement of responsibility, etc. | ['Boniface, Pascal'] |
| 264 #1 - PRODUCTION, PUBLICATION, DISTRIBUTION, MANUFACTURE, AND COPYRIGHT NOTICE | |
| Name of producer, publisher, distributor, manufacturer | Armand Colin |
| Date of production, publication, distribution, manufacture, or copyright notice | 2022 |
| 300 ## - PHYSICAL DESCRIPTION | |
| Extent | p. |
| 336 ## - CONTENT TYPE | |
| Content type code | txt |
| Source | rdacontent |
| 337 ## - MEDIA TYPE | |
| Media type code | c |
| Source | rdamdedia |
| 338 ## - CARRIER TYPE | |
| Carrier type code | c |
| Source | rdacarrier |
| 520 ## - SUMMARY, ETC. | |
| Summary, etc. | Tel un virus, les idées reçues circulent largement et rapidement. Nous pouvons tous être contaminés, parfois sans en être conscients. Elles ont l’apparence de l’évidence, mais elles masquent la réalité.En interrogeant les idées reçues les plus répandues, Pascal Boniface remet les réalités du monde contemporain en perspective. Grâce à une vision globale et un sens de la pédagogie, il déconstruit les jugements à l’emporte-pièce, qui ne résistent pas à un examen scrupuleux des rivalités géopolitiques.Par un regard critique et expert, cet ouvrage rend accessibles les questions internationales qui agitent le débat public ! |
| 650 #0 - SUBJECT ADDED ENTRY--TOPICAL TERM | |
| Topical term or geographic name entry element | |
| 700 0# - ADDED ENTRY--PERSONAL NAME | |
| Personal name | Boniface, Pascal |
| 856 40 - ELECTRONIC LOCATION AND ACCESS | |
| Access method | Cyberlibris |
| Uniform Resource Identifier | <a href="https://international.scholarvox.com/netsen/book/88926763">https://international.scholarvox.com/netsen/book/88926763</a> |
| Electronic format type | text/html |
| Host name | |
Pas d'exemplaire disponible.




Réseaux sociaux